| 000 | 00915nam a2200241 i 4500 | ||
|---|---|---|---|
| 001 | 164921 | ||
| 003 | ES-MaACL | ||
| 005 | 20250930063146.0 | ||
| 008 | 010806s1865 fr |||| | fre d | ||
| 040 |
_aCCPB | B _bspa _cCCPB | B |
||
| 080 | _a82-2.09 | ||
| 100 | 1 |
_aSchlegel, August Wilhelm von, _d1767-1845 _9132550 |
|
| 245 | 1 | 0 |
_aCours de littérature dramatique / _cA.W. Schlegel ; traduit de l'allemand par Mme Necker de Saussure. |
| 250 | _aNouvelle éd. rev. et annot. | ||
| 260 |
_aParis : _bA. Lacroix, Verboeckhoven et Cie, _c1865. |
||
| 300 |
_a2 v. ; _c19 cm. |
||
| 597 | _aTome premier (386 p.) -- Tome second (418 p.) | ||
| 650 | 4 |
_aTeatro (Género literario)- _xHistoria y crítica. _917365 |
|
| 700 | 1 |
_aNecker, Albertine Adrienne de Saussure. _9130430 |
|
| 852 |
_aES-MaACL _jG-10051-52 _z- Enc. hol. |
||
| 852 |
_aES-MaACL _jD-4745-46 _z- Enc. hol. |
||
| 999 |
_c164921 _d164921 |
||